Βρετανικό Μουσείο, Λονδίνο

Αποθηκεύτηκε σε:
Λεπτομέρειες βιβλιογραφικής εγγραφής
Κύριος συγγραφέας: Καφαντάρης, Γιώργος
Μορφή: Βιβλίο
Γλώσσα:Greek
Δημοσίευση: Αθήνα : Η Καθημερινή, c2010.
Σειρά:Βιβλιοθήκη τέχνης (Εφημ. Η Καθημερινή) 1
Θέματα:
Ετικέτες: Προσθήκη ετικέτας
Δεν υπάρχουν, Καταχωρήστε ετικέτα πρώτοι!

MARC

LEADER 00000cam a2200000 a 4500
001 1/123803
008 211026s2010####gr | ||| |||| ||gre||
020 |a 9789604751228 
040 |a GR-MyUa  |b gre  |c GR-MyUa  |e AACR2 
041 0 |a gre 
082 7 |a 709.38074421   |2 (23) 
100 1 |a Καφαντάρης, Γιώργος. 
245 1 0 |a Βρετανικό Μουσείο, Λονδίνο /   |c κείμενα: Γιώργος Καφαντάρης. 
260 |a Αθήνα :   |b Η Καθημερινή,   |c c2010. 
300 |a 134 σ. :   |b εικ. ;   |c 20 εκ. 
490 0 |a (Η ελληνική τέχνη στα μουσεία του κόσμου ;   |v 1) 
490 1 |a (Βιβλιοθήκη τέχνης / Εφημ. Η Καθημερινή ;   |v 1) 
610 2 0 |a British Museum.   |b Department of Greek and Roman Antiquities. 
650 0 |a Art, Classical 
830 0 |a Βιβλιοθήκη τέχνης (Εφημ. Η Καθημερινή)  |v 1 
970 |a Κοντού  |b Παρασκευή  |z 26/10/2021